Jamies gay Quiz Stats

 Plays Quiz not verified by Sporcle

Challenge
Share
Tweet
Embed
Score 0/10 Timer 10:00
0 Plays Today
Question Answer Wrong Answers
is neil a nugget yes
80%
no
20%
origi is the........... best player ever to live and he is soooooo good
80%
black
0%
decent
10%
good
0%
who gets goal of the season can
70%
the roo
0%
neil
20%
mhiki
10%
is neil a nugget YEEEEESSS
70%
NO
20%
whos better liverpool
60%
united
40%
is jamie bad yes
60%
maybe
0%
possibly
30%
no
0%
whos better at football origi
60%
messi
20%
ronaldo
0%
suarez
10%
which team is better cabo d's
50%
barca
10%
real madrid
20%
united
10%
whos better obj
50%
julio jones
30%
antonio brown
10%
did i just see a black or white guy white
30%
black
60%

You're not logged in!

Compare scores with friends on all Sporcle quizzes.
OR
Log In

You Might Also Like...

Show Comments

Extras

Created May 2, 2017ReportNominate
Tags:gay, jay

Top Quizzes Today


Score Distribution

Your Account Isn't Verified!

In order to create a playlist on Sporcle, you need to verify the email address you used during registration. Go to your Sporcle Settings to finish the process.

Report this User

Report this user for behavior that violates our Community Guidelines.

Details: